Гренландское море и Полярный бассейн (Запись № 6755907)

Подробности
000 -МАРКЕР
контрольное поле 02419nam0a22003611 4500
001 - ИДЕНТИФИКАТОР ЗАПИСИ
контрольное поле rc\2963267
005 - ИДЕНТИФИКАТОР ВЕРСИИ
контрольное поле 20260406024707.0
035 ## - ДРУГИЕ СИСТЕМНЫЕ НОМЕРА
Идентификатор записи (NLR Aleph) 007109779
100 ## - ДАННЫЕ ОБЩЕЙ ОБРАБОТКИ
Данные общей обработки 20110913d1939 u y0rusy50 ca
101 0# - ЯЗЫК РЕСУРСА
Язык текста, звукозаписи и т.д. русский
102 ## - СТРАНА ПУБЛИКАЦИИ ИЛИ ПРОИЗВОДСТВА
Страна публикации Российская Федерация
105 ## - ПОЛЕ КОДИРОВАННЫХ ДАННЫХ: ТЕКСТОВЫЕ МАТЕРИАЛЫ, МОНОГРАФИЧЕСКИЕ
Кодированные данные о монографическом текстовом документе ab z |||||
200 1# - ЗАГЛАВИЕ И СВЕДЕНИЯ ОБ ОТВЕТСТВЕННОСТИ
Основное заглавие Гренландское море и Полярный бассейн
Сведения, относящиеся к заглавию гидрологические работы в Гренландском море и в районе к северу от Шпицбергена
Первые сведения об ответственности Вс. А. Березкин
Последующие сведения об ответственности [предисл.: Герой Сов. Союза, д.геогр.н. П.П. Ширшов]
210 ## - ПУБЛИКАЦИЯ, РАСПРОСТРАНЕНИЕ И ДР.
Место издания, распространения и т.д. Ленинград
Имя издателя, распространителя и т. д. [б. и.]
Дата издания, распространения и т.д. 1939
215 ## - ФИЗИЧЕСКАЯ ХАРАКТЕРИСТИКА
Специфическое обозначение материала и объем С. 11-184
Другие сведения о физической характеристике ил., карт.
Размеры 25 см
225 1# - СЕРИЯ
Основное заглавие серии Труды экспедиции на "Садко" в 1935 году
300 ## - ОБЩИЕ ПРИМЕЧАНИЯ
Текст примечания "Отд. отт. из кн. "Труды первой высокоширотной экспедиции на "Садко" в 1935 г.", т. 1, вып. 1, Л. 1939"
316 ## - ПРИМЕЧАНИЯ ОБ ОСОБЕННОСТЯХ ЭКЗЕМПЛЯРА
Текст примечания На тит. л. штамп: Военно-Морская Академия В.К.Ф. имени тов. Ворошилова, Академическая библиотека
Организация и экземпляр, к которому относится поле NLR:
320 ## - ПРИМЕЧАНИЯ О НАЛИЧИИ В ДОКУМЕНТЕ БИБЛИОГРАФИИ / УКАЗАТЕЛЯ
Текст примечания Библиогр.: с. 182-184 и в подстроч. примеч.
412 #0 - ИСТОЧНИК ОТРЫВКА ИЛИ ОТДЕЛЬНОГО ОТТИСКА
Встроенное поле 2001#$vТ. 1, вып. 1
-- 210##$d1939
-- 71012$3RU\NLR\AUTH\8810184032$aВысокоширотная экспедиция$d1$f1935
Автор Высокоширотная экспедиция (1 ; 1935)
488 ## - ДРУГИЕ ВЗАИМОСВЯЗАННЫЕ ПРОИЗВЕДЕНИЯ (ДОКУМЕНТЫ)
Встроенное поле 2001#$aТруды первой высокоширотной экспедиции на "Садко" в 1935 г.$hТ. 1, вып.1
Заглавие Труды первой высокоширотной экспедиции на "Садко" в 1935 г.
606 ## - НАИМЕНОВАНИЕ ТЕМЫ КАК ПРЕДМЕТ
Наименование темы Гидрологические наблюдения
Географический подзаголовок Гренландское море
Хронологический подзаголовок 1935
Системный номер авторитетной/нормативной записи 2169762
Идентификатор авторитетной/нормативной записи RU\NLR\AUTH\6601541881
617 ## - ИЕРАРХИЧЕСКОЕ ГЕОГРАФИЧЕСКОЕ НАЗВАНИЕ, ИСПОЛЬЗУЕМОЕ КАК ПРЕДМЕТ
Другие географические объекты Северный Ледовитый океан
-- Гренландское море
686 ## - ИНДЕКСЫ ДРУГИХ КЛАССИФИКАЦИЙ
Индекс Д221.9(915.32)
700 #1 - ИМЯ ЛИЦА - ПЕРВИЧНАЯ ОТВЕТСТВЕННОСТЬ
Начальный элемент ввода Березкин
Часть имени, кроме начального элемента ввода В.А.
Даты 1899-1946
Расширение инициалов личного имени Всеволод Александрович
Системный номер авторитетной/нормативной записи 127341
Идентификатор авторитетной/нормативной записи RU\NLR\AUTH\770127365
702 #1 - ИМЯ ЛИЦА - ВТОРИЧНАЯ ОТВЕТСТВЕННОСТЬ
Код отношения Автор введения, предисловия, примечания и т.п.
Материалы, к которым относится поле rus
Графика поля Кириллица
Начальный элемент ввода Ширшов
Часть имени, кроме начального элемента ввода П. П.
Даты 1905-1953
Расширение инициалов личного имени Петр Петрович
Идентификатор авторитетной/нормативной записи RU\NLR\AUTH\77126268
Системный номер авторитетной/нормативной записи 109192
801 #0 - ИСТОЧНИК ЗАПИСИ
Страна Российская Федерация
Организация NLR
Правила каталогизации psbo
801 #1 - ИСТОЧНИК ЗАПИСИ
Страна Российская Федерация
Организация ELAR
Источник данных rusmarc
801 #2 - ИСТОЧНИК ЗАПИСИ
Страна Российская Федерация
Организация NLR
Дата составления 20131212
Источник данных rusmarc
852 ## - МЕСТОНАХОЖДЕНИЕ И ШИФР ХРАНЕНИЯ
Идентификатор организации NLR
Шифр хранения (Call Number) 64-7/2785
942 ## - ДОПОЛНИТЕЛЬНЫЕ ЭЛЕМЕНТЫ ЗАПИСИ (АБИС)
Тип экземпляра АБИС Книга
980 ## - КОЛЛЕКЦИЯ
Название коллекции Национальная библиография
Экземпляры
Тип экземпляра Дата поступления Библиотека постоянного хранения Библиотека текущего хранения Место хранения Шифр хранения Штрих-код Статус экземпляра
Книга 26.10.2013 РНБ (Садовая) РНБ (Садовая) Русский книжный фонд -Главное здание, Ленинский читальный зал 64-7/2785 7109779-10